Jugando con la ciencia. ¡y construir el conocimiento! / (Registro nro. 11424)

Detalles MARC
000 -LIDER
fixed length control field 00835nam a22002657a 4500
001 - NÚMERO DE CONTROL
Identificador de número de control 00114010
003 - IDENTIFICACDOR DE NÚMERO DE CONTROL
control field DO-SdBNP
005 - DATE AND TIME OF LATEST TRANSACTION
control field 20171109095220.0
007 - CAMPOS FIJOS DE DESCRIPCIÓN FÍSICA
fixed length control field 00114010
008 - ELEMENTOS DE LONGITUD FIJA
fixed length control field 160916b 2006 ag||||| |||| 00| 0 spa d
020 ## - ISBN
International Standard Book Number 9507714413
040 ## - FUENTE DE CATALOGACIÓN
Agencia que crea de manera original el registro BPMSU
Idioma de catalogación spa
Agencia que realiza la transcripción BPMSU
082 #4 - NÚMERO DE CLASIFICACIÓN DECIMAL DE DEWEY
Classification number 371.33
Item number F954j
100 1# - ASIENTO PRINCIPAL -- NOMBRE PERSONAL
Nombre personal Fuentes, Alberto
245 1# - MENCIÓN DE TITULO
Título Jugando con la ciencia. ¡y construir el conocimiento! /
Mención de responsabilidad textos Alberto Fuentes ; ilustraciones Jorge Mercado
260 ## - PUBLICACIÓN, DISTRIBUCIÓN, ETC. (PIE DE IMPRENTA)
Lugar de publicación, distribución, etc Buenos Aires, Argentina :
Nombre del editor, distribuidor, etc. Lexus,
Fecha de publicación, distribución, etc 2006.
300 ## - DESCRIPCIÓN FÍSICA
Extensión 328 p. :
Otros detalles físicos il.,
Dimensiones 28 cm.
650 #4 - ENCABEZAMIENTO DE MATERIA--TEMÁTICO
Término temático o nombre geográfico como elemento de entrada CIENCIA
Subdivisión temática general ESTUDIO Y ENSEÑANZA
650 #4 - ENCABEZAMIENTO DE MATERIA--TEMÁTICO
Término temático o nombre geográfico como elemento de entrada JUEGOS EDUCATIVOS
700 12 - ASIENTO SECUNDARIO -- NOMBRE PERSONAL
Nombre personal Mercado, Jorge,
Mención de responsabilidad il.
910 ## - VALIDACIÓN
Validación Validado. Control de calidad MFF
942 ## - ADDED ENTRY ELEMENTS (KOHA)
Source of classification or shelving scheme Dewey Decimal Classification
Koha item type Libros
945 ## - INFORMACIÓN DE PROCESAMIENTO LOCAL
Información de procesamiento local Inventariado extranjero / 2017 VM
956 ## - LOCAL ELECTRONIC LOCATION AND ACCESS (OCLC)
Nombre de host BTAVÁREZ
Número de acceso 10
Información de compresión 20161609
Trayectoria 00114010
Existencias
Withdrawn status Lost status Source of classification or shelving scheme Damaged status Not for loan Collection code Home library Current library Date acquired Source of acquisition Total Checkouts Full call number Barcode Date last seen Price effective from Koha item type Copy number
    Dewey Decimal Classification     Colección General Biblioteca Pública Metropolitana Salomé Ureña Biblioteca Pública Metropolitana Salomé Ureña 09/16/2016 Compra   371.33 F954j BPMSU16090369 09/16/2016 09/16/2016 Libros  
    Dewey Decimal Classification     Colección General Biblioteca Pública Metropolitana Salomé Ureña Biblioteca Pública Metropolitana Salomé Ureña 09/16/2016 Compra   371.33 F954j BPMSU16090370 09/16/2016 09/16/2016 Libros e. 2
    Dewey Decimal Classification     Colección General Biblioteca Pública Metropolitana Salomé Ureña Biblioteca Pública Metropolitana Salomé Ureña 11/09/2017 Compra   371.33 F954j BPMSU17110114 11/09/2017 11/09/2017 Libros e. 3